000 00277nam a2200121 a 4500
008 100921s1975|||| d
245 1 0 _aOstrov tučniakov
100 1 _aFrance, Anatole
020 _c28
260 _bPravda
_aBratislava
_c1975
044 _axo
_cSK
041 _aslo
999 _c10573
_d10573